| 000 | 00808nas1a22002291i 4500 | ||
|---|---|---|---|
| 001 | RU\NLR\INFOCOMM9\5000124627 | ||
| 005 | 20260407095749.0 | ||
| 035 | _a(NLR Aleph) 002296494 | ||
| 090 |
_a4184416 _c4184416 |
||
| 100 | _a20051031a20039999|||y0rusy50 ca | ||
| 101 | 0 | _arus | |
| 102 | _aRU | ||
| 110 | _aayuzz 0|y| | ||
| 200 | 1 |
_aВестник Национального парка "Русский Север" _eОфиц. изд. Нац. парка "Рус. Север" |
|
| 210 |
_a[Кириллов] _cБ. и. _d2003- |
||
| 710 | 0 | 2 |
_a"Русский Север", национальный парк _cВологодская обл. _3RU\NLR\AUTH\8810053800 _9608036 |
| 801 | 1 |
_aRU _bInfoComm _c20051031 |
|
| 801 | 0 |
_aRU _bNLR _gPSBO |
|
| 852 |
_aNLR _jП7/2593 |
||
| 942 | _cJOURNAL | ||
| 980 | _aRUSPER | ||